header

Military operations, health and technology (Record no. 32397)

MARC details
000 -LEADER
fixed length control field 02068nam a2200361 a 4500
082 04 - DEWEY DECIMAL CLASSIFICATION NUMBER
Classification number 355.4
245 00 - TITLE STATEMENT
Title Military operations, health and technology
260 ## - PUBLICATION, DISTRIBUTION, ETC. (IMPRINT)
Place of publication Hauppauge, N.Y. :
Name of publisher Nova Science Publishers, Inc.,
Year of publication c2012.
300 ## - PHYSICAL DESCRIPTION
Number of Pages ix, 176 p. :
Other physical details ill., maps.
490 1# - SERIES STATEMENT
Series statement Defense, security sand strategies
505 0# - FORMATTED CONTENTS NOTE
Formatted contents note Population transfer and the mediation of insurgent conflict / A.W. Harris -- Understanding good coping : a submarine crew coping with extreme environmental conditions / Shaul Kimhi -- A review of telehealth applications in the military community / Mary S. McCarthy, Sabrina Ramme, Susan L. Cummings -- Resolution of the bi-criteria military unit pathfinding problem applying MOACO algorithms / A.M. Mora, P.A. Castillo, J.J. Merelo -- Sense of community aboard : what can military leaders do to enhance it and how does it affect crew performance? / Jorg Wombacher -- War in Afghanistan: strategy, military operations and issues for Congress / Steve Bowman, Catherine Dale.
650 #0 - SUBJECT ADDED ENTRY--TOPICAL TERM
Topical Term Military art and science
Topical Term Medicine, Military.
700 1# - ADDED ENTRY--PERSONAL NAME
Personal name Cobb, Alexander L.
856 40 - ELECTRONIC LOCATION AND ACCESS
Uniform Resource Identifier http://site.ebrary.com/lib/rucke/Doc?id=10683112

No items available.

© 2026 Rongo University
Contact us: librarian | system librarian | Rongo university